Spell the Marvel Character #384 - Statistics

General Stats
  • This quiz has been taken 13 times
  • The average score is 7 of 9
Answer Stats
Picture Answer % Correct
Captain Marvel
100%
Scarlet Witch
100%
Thor (Jane Foster)
100%
Rogue
85%
Spectrum
69%
Energizer
54%
Pixie
54%
Mass Master
46%
Ultragirl
46%
No matching quizzes found
Score Distribution
Percent of People with Each Score
Percentile by Number Answered
Your Score History
You have not taken this quiz